Statistiken für Stadien aller NFL Teams nach Bild

Klicken Sie hier um das Quiz zu spielen!

Allgemein

  • Dieses Quiz wurde 96 mal gespielt
  • Das Durchschnittsergebnis liegt bei 14 aus 30

Antwortstatistiken

Antwort% Korrekt
U.S. Bank Stadium
82%
Mercedes-Benz Stadium
80%
Hard Rock Stadium
73%
Lambeau Field
73%
AT&T Stadium
71%
Arrowhead Stadium
70%
SoFi Stadium
68%
Gillette Stadium
63%
MetLife Stadium
57%
Ford Field
55%
Levi’s Stadium
55%
Soldier Field
52%
Allegiant Stadium
50%
Lucas Oil Stadium
50%
FedExField
46%
Lumen Field
46%
State Farm Stadium
39%
Paul Brown Stadium
38%
Highmark Stadium
36%
NRG Stadium
36%
Lincoln Financial Field
32%
Nissan Stadium
30%
Bank of America Stadium
29%
Raymond James Stadium
29%
Caesars Superdome
25%
FirstEnergy Stadium
23%
Empower Field at Mile High
21%
M&T Bank Stadium
18%
TIAA Bank Field
14%
Acrisure Stadium
9%

Verteilung der Resultate

Perzentil nach korrekt beantworteten Fragen

Anzahl Personen mit jedem Resultat

Ihre Resultats-Entwicklung

Sie haben dieses Quiz noch nicht gespielt